000 00442nam a2200181Ia 4500
005 20240823061152.0
008 240823s9999||||xx |||||||||||||| ||und||
041 _aENGLISH
082 _A621.392 Q3
100 _a"Palnitkar,Samir"
245 0 _aVerilog HDL : A Guide to Digital Design and Synthesis
250 _a2nd
260 _c2013
_bPearson Educ
500 _aYES
650 _avhdl
_bElectronics
942 _cBK
999 _c232876
_d232876